[Event "Challenge"]
[Site "http://www.queenalice.com/game.php?id=1520902"]
[Date "2018.3.24"]
[Round "-"]
[White "Magogue"]
[Black "Francesco"]
[Result "1-0"]
[WhiteElo "2478"]
[BlackElo "1724"]

1. d4 d5 2. c4 dxc4 3. Nf3 Nf6 4. e3 e6 5. Bxc4 c5 6. O-O a6 7. Qe2 b5 8. Bb3 c4
9. Bxc4 bxc4 10. Qxc4 Bd6 11. Nc3 O-O 12. Rd1 Re8 13. e4 Bb7 14. e5 Be7 15. exf6
Bxf6 16. Bf4 Bxd4 17. Rxd4 Qc8 18. Qxc8 Rxc8 19. b4 Rxc3 20. Rd8# 1-0

[Event "Challenge"]
[Site "http://www.queenalice.com/game.php?id=1520903"]
[Date "2018.3.24"]
[Round "-"]
[White "Francesco"]
[Black "Magogue"]
[Result "0-1"]
[WhiteElo "1724"]
[BlackElo "2476"]

1. e4 e5 2. d4 exd4 3. Qxd4 Nc6 4. Qe3 Nf6 5. Nc3 Bb4 6. Bd2 O-O 7. O-O-O Re8 8.
Bc4 d6 9. Bxf7+ Kxf7 10. a3 Bxc3 11. Bxc3 Rxe4 12. Qxe4 Nxe4 13. Be1 Qg5+ 14.
Kb1 Qxg2 0-1

[Event "Challenge"]
[Site "http://www.queenalice.com/game.php?id=1520904"]
[Date "2018.3.24"]
[Round "-"]
[White "Francesco"]
[Black "Magogue"]
[Result "0-1"]
[WhiteElo "1723"]
[BlackElo "2479"]

1. e4 e5 2. Nf3 Nc6 3. d4 exd4 4. Nxd4 Bc5 5. Be3 Qf6 6. c3 Nge7 7. Bb5 a6 8.
Bxc6 Nxc6 9. Nxc6 Qxc6 10. O-O Bxe3 11. fxe3 Qxe4 12. Qd4 Qg6 13. Nd2 O-O 14.
Rxf7 Rxf7 15. Rf1 Rxf1+ 16. Kxf1 d6 17. Ne4 Bf5 18. Ng3 Rf8 19. Nxf5 Qxf5+ 20.
Qf4 Qb1+ 21. Ke2 Qxb2+ 22. Kf3 Rxf4+ 0-1

[Event "Challenge"]
[Site "http://www.queenalice.com/game.php?id=1522434"]
[Date "2018.4.5"]
[Round "-"]
[White "Magogue"]
[Black "Francesco"]
[Result "1-0"]
[WhiteElo "2523"]
[BlackElo "1719"]

1. e4 c5 2. Nf3 d6 3. d4 cxd4 4. Nxd4 Nf6 5. Nc3 a6 6. f4 e6 7. Be2 Be7 8. O-O
Qc7 9. Kh1 O-O 10. a4 Nc6 11. Be3 Re8 12. Bf3 Rb8 13. g4 Nxd4 14. Bxd4 e5 15.
fxe5 Nxe4 16. Nxe4 dxe5 17. Bc3 Be6 18. Qe2 Qc4 19. Qxc4 Bxc4 20. Bxe5 Bxf1 21.
Bxb8 Rxb8 22. Rxf1 b5 23. axb5 Rxb5 24. b3 f5 25. gxf5 Rxf5 26. Bg2 Rxf1+ 27.
Bxf1 Kf7 28. Bc4+ Ke8 29. Bxa6 Kd7 30. Kg2 Ba3 31. c4 h5 32. Ng3 g6 33. Ne4 Kc6
34. Kf3 1-0

[Event "Challenge"]
[Site "http://www.queenalice.com/game.php?id=1522435"]
[Date "2018.4.5"]
[Round "-"]
[White "Francesco"]
[Black "Magogue"]
[Result "0-1"]
[WhiteElo "1721"]
[BlackElo "2527"]

1. e4 e5 2. Nf3 Nf6 3. d4 Nxe4 4. Bd3 d5 5. Nxe5 Bd6 6. O-O O-O 7. c4 Bxe5 8.
Bxe4 dxe4 9. dxe5 Nc6 10. Qxd8 Rxd8 11. Bf4 Be6 12. Nd2 Rd4 13. Rfe1 Bf5 14.
Nxe4 Rxe4 15. Bg3 Rxc4 16. b3 Re4 17. Rxe4 Bxe4 18. Re1 Bd5 19. e6 Bxe6 20. Bxc7
Rc8 21. Bg3 Nb4 22. Ra1 Nxa2 23. Rb1 Bxb3 24. Kf1 Rc1+ 25. Rxc1 Nxc1 26. Bb8 a5
27. Ke1 Nd3+ 28. Ke2 Bc4 29. Kf3 b5 30. Bc7 a4 31. Bd6 b4 0-1

[Event "Let's Play Chess!"]
[Site "http://www.queenalice.com/game.php?id=1524735"]
[Date "2018.4.23"]
[Round "-"]
[White "Francesco"]
[Black "Magogue"]
[Result "0-1"]
[WhiteElo "1713"]
[BlackElo "2539"]

1. d4 e6 2. c4 b6 3. Nc3 Bb7 4. e4 Bb4 5. f3 f5 6. exf5 Bxc3+ 7. bxc3 exf5 8.
Qe2+ Qe7 9. Qxe7+ Nxe7 10. Bf4 d6 11. O-O-O O-O 12. Bxd6 cxd6 13. d5 Nd7 14. Ne2
Rac8 15. Nd4 Nxd5 16. cxd5 Bxd5 17. Nxf5 Rxf5 18. Bb5 Nf6 19. Bd7 Nxd7 0-1

[Event "Let's Play Chess!"]
[Site "http://www.queenalice.com/game.php?id=1524736"]
[Date "2018.4.23"]
[Round "-"]
[White "Francesco"]
[Black "Magogue"]
[Result "0-1"]
[WhiteElo "1715"]
[BlackElo "2535"]

1. e4 e5 2. Nf3 Nc6 3. Bb5 a6 4. Ba4 Nf6 5. O-O Be7 6. Re1 b5 7. Bb3 O-O 8. c3
d6 9. d4 Bg4 10. dxe5 dxe5 11. Qxd8 Rfxd8 12. Nxe5 Nxe5 13. f3 Bxf3 14. gxf3
Nxf3+ 15. Kf1 Nxe1 16. Kxe1 Nxe4 0-1

[Event "Let's Play Chess!"]
[Site "http://www.queenalice.com/game.php?id=1524737"]
[Date "2018.4.23"]
[Round "-"]
[White "Francesco"]
[Black "Magogue"]
[Result "0-1"]
[WhiteElo "1711"]
[BlackElo "2541"]

1. d3 e5 2. Nf3 Nc6 3. Nc3 Nf6 4. e4 Bb4 5. Bd2 O-O 6. Be2 Re8 7. O-O d6 8. Nxe5
Nxe5 9. a3 Bxc3 10. Bxc3 Be6 11. Re1 a5 12. d4 Ned7 13. d5 Nxe4 14. dxe6 Nxc3
15. bxc3 Rxe6 16. Ba6 Rxa6 17. Rxe6 fxe6 18. Qe2 e5 19. Rb1 Rb6 20. Rxb6 Nxb6
0-1

[Event "Let's Play Chess!"]
[Site "http://www.queenalice.com/game.php?id=1524738"]
[Date "2018.4.23"]
[Round "-"]
[White "Magogue"]
[Black "Francesco"]
[Result "1-0"]
[WhiteElo "2543"]
[BlackElo "1709"]

1. d4 d5 2. c4 dxc4 3. e3 e6 4. Bxc4 c5 5. Nf3 Nf6 6. O-O a6 7. Qe2 b5 8. Bb3
Bb7 9. Nc3 Nbd7 10. Rd1 Qb8 11. d5 Nxd5 12. Nxd5 Bxd5 13. Bxd5 exd5 14. Rxd5 Be7
15. b3 O-O 16. Rxd7 Bf6 17. Rb1 c4 18. bxc4 Rd8 19. Rxd8+ Bxd8 20. cxb5 axb5 21.
a3 Be7 22. Qd3 Qd8 23. Qxd8+ Rxd8 24. Bb2 1-0

[Event "Let's Play Chess!"]
[Site "http://www.queenalice.com/game.php?id=1524739"]
[Date "2018.4.23"]
[Round "-"]
[White "Magogue"]
[Black "Francesco"]
[Result "1-0"]
[WhiteElo "2544"]
[BlackElo "1707"]

1. e4 e5 2. Nf3 Nf6 3. Nxe5 d6 4. Nxf7 Kxf7 5. Bc4+ Be6 6. Bxe6+ Kxe6 7. d4 Nxe4
8. Qe2 d5 9. f3 Bb4+ 10. c3 Bd6 11. fxe4 dxe4 12. Qxe4+ Kd7 13. Qxb7 Nc6 14. O-O
Qc8 15. Qxc8+ Raxc8 16. Bg5 Rcf8 17. Nd2 Rxf1+ 18. Rxf1 Rf8 19. Rxf8 Bxf8 20.
Be3 h6 21. c4 Nxd4 22. Bxd4 c5 23. Bc3 Ke6 24. Kf2 1-0

[Event "Let's Play Chess!"]
[Site "http://www.queenalice.com/game.php?id=1524740"]
[Date "2018.4.23"]
[Round "-"]
[White "Magogue"]
[Black "Francesco"]
[Result "1-0"]
[WhiteElo "2545"]
[BlackElo "1705"]

1. e3 e5 2. c4 Nf6 3. Nc3 Nc6 4. Nf3 Bb4 5. Qc2 O-O 6. Nd5 Re8 7. Qf5 Nxd5 8.
cxd5 Ne7 9. Qxe5 Nxd5 10. Qxd5 d6 11. Bc4 Be6 12. Qb5 Bxc4 13. Qxb4 b5 14. Nd4
c5 15. Qc3 cxd4 16. Qxd4 d5 17. d3 Bxa2 18. Rxa2 a5 19. O-O Qe7 20. Qxd5 a4 21.
Qxb5 Reb8 22. Qh5 Qe6 23. d4 Qg6 24. Qe2 1-0

[Event "Challenge"]
[Site "http://www.queenalice.com/game.php?id=1529704"]
[Date "2018.6.3"]
[Round "-"]
[White "Magogue"]
[Black "Francesco"]
[Result "1-0"]
[WhiteElo "2578"]
[BlackElo "1731"]

1. d4 d5 2. c4 dxc4 3. Nf3 Nf6 4. e3 e6 5. Bxc4 c5 6. O-O a6 7. Qe2 b5 8. Bb3
Bb7 9. Nc3 Nbd7 10. Rd1 Qb8 11. d5 exd5 12. h3 Be7 13. Nxd5 Nxd5 14. Bxd5 Bxd5
15. Rxd5 O-O 16. Rxd7 Re8 17. a4 1-0

[Event "Challenge"]
[Site "http://www.queenalice.com/game.php?id=1529706"]
[Date "2018.6.3"]
[Round "-"]
[White "Magogue"]
[Black "Francesco"]
[Result "1-0"]
[WhiteElo "2591"]
[BlackElo "1735"]

1. e3 e5 2. c4 Nf6 3. Nc3 Nc6 4. Nf3 Bb4 5. Qc2 Bxc3 6. Qxc3 O-O 7. Nxe5 Nxe5 8.
Qxe5 Re8 9. Qc3 Ne4 10. Qd4 Nxd2 11. Bxd2 d6 12. Bc3 Bf5 13. Qxg7# 1-0

[Event "Challenge"]
[Site "http://www.queenalice.com/game.php?id=1529707"]
[Date "2018.6.3"]
[Round "-"]
[White "Francesco"]
[Black "Magogue"]
[Result "0-1"]
[WhiteElo "1737"]
[BlackElo "2590"]

1. e4 e5 2. Nf3 Nc6 3. d4 exd4 4. Nxd4 Bc5 5. Be3 Qf6 6. c3 Nge7 7. Bb5 Nxd4 8.
Bxd4 Bxd4 9. cxd4 O-O 10. Bxd7 Bxd7 11. Nc3 Rfe8 0-1

[Event "Challenge"]
[Site "http://www.queenalice.com/game.php?id=1529708"]
[Date "2018.6.3"]
[Round "-"]
[White "Francesco"]
[Black "Magogue"]
[Result "0-1"]
[WhiteElo "1733"]
[BlackElo "2587"]

1. e4 e5 2. Ne2 Nc6 3. d4 exd4 4. Nxd4 Nf6 5. Nxc6 bxc6 6. e5 Qe7 7. Qe2 Nd5 8.
c4 Ba6 9. b3 g6 10. g3 Bg7 11. Bb2 O-O 12. Bg2 Rae8 13. O-O Bxe5 14. Qxe5 Qxe5
0-1

[Event "Challenge"]
[Site "http://www.queenalice.com/game.php?id=1529710"]
[Date "2018.6.3"]
[Round "-"]
[White "MADMIKE"]
[Black "Francesco"]
[Result "1-0"]
[WhiteElo "1882"]
[BlackElo "1719"]

1. d4 d5 2. Nc3 Nf6 3. h3 Nc6 4. Bf4 e6 5. a3 a5 6. e3 h6 7. Nf3 Bd6 8. Bxd6
Qxd6 9. Bb5 Bd7 10. Bxc6 Bxc6 11. O-O O-O 12. Ne5 Rfe8 13. f3 b5 14. Kh1 b4 15.
axb4 1-0

[Event "Challenge"]
[Site "http://www.queenalice.com/game.php?id=1529711"]
[Date "2018.6.3"]
[Round "-"]
[White "Francesco"]
[Black "MADMIKE"]
[Result "0-1"]
[WhiteElo "1729"]
[BlackElo "1888"]

1. e4 e5 2. Nf3 d6 3. d4 exd4 4. Nxd4 Be7 5. Nc3 h6 6. Bd3 Bd7 7. O-O Nf6 8. Re1
O-O 9. Be3 a6 10. a4 Nc6 11. Nxc6 Bxc6 12. f4 Nd7 13. Nd5 Bxd5 0-1

[Event "Challenge"]
[Site "http://www.queenalice.com/game.php?id=1533513"]
[Date "2018.7.3"]
[Round "-"]
[White "Magogue"]
[Black "Francesco"]
[Result "1-0"]
[WhiteElo "2622"]
[BlackElo "1708"]

1. d4 e6 2. c4 b6 3. Nc3 Bb7 4. e4 Bb4 5. f3 f5 6. exf5 exf5 7. Bd2 Qe7+ 8. Qe2
Qxe2+ 9. Ngxe2 Bxf3 10. gxf3 Nc6 11. O-O-O O-O-O 12. d5 1-0

[Event "Challenge"]
[Site "http://www.queenalice.com/game.php?id=1533514"]
[Date "2018.7.3"]
[Round "-"]
[White "Magogue"]
[Black "Francesco"]
[Result "1-0"]
[WhiteElo "2623"]
[BlackElo "1706"]

1. d3 d5 2. Nf3 Nf6 3. Nc3 Nc6 4. e4 dxe4 5. Nxe4 e5 6. Be2 Nxe4 7. dxe4 Qxd1+
8. Bxd1 Bg4 9. O-O O-O-O 10. Re1 Rxd1 11. Rxd1 Bc5 12. h3 Bxh3 13. gxh3 1-0

[Event "Challenge"]
[Site "http://www.queenalice.com/game.php?id=1533515"]
[Date "2018.7.3"]
[Round "-"]
[White "Magogue"]
[Black "Francesco"]
[Result "1-0"]
[WhiteElo "2626"]
[BlackElo "1700"]

1. e4 e5 2. Nf3 Nc6 3. Bb5 a6 4. Bxc6 dxc6 5. O-O Bg4 6. h3 h5 7. d3 Qf6 8. Nbd2
Ne7 9. Re1 Ng6 10. d4 Bd6 11. hxg4 hxg4 12. Nh2 Rxh2 13. Qxg4 Rxg2+ 14. Kxg2 Ke7
15. Nf3 Rh8 16. Rh1 Rxh1 17. Kxh1 b5 18. Bg5 1-0

[Event "Challenge"]
[Site "http://www.queenalice.com/game.php?id=1533516"]
[Date "2018.7.3"]
[Round "-"]
[White "Magogue"]
[Black "Francesco"]
[Result "1-0"]
[WhiteElo "2625"]
[BlackElo "1702"]

1. e3 e5 2. c4 Nf6 3. Nc3 Nc6 4. Nf3 Bb4 5. Qc2 O-O 6. Nd5 Re8 7. Qf5 d6 8.
Nxf6+ Qxf6 9. Qxf6 gxf6 10. a3 Bxa3 11. Rxa3 Nb4 12. Bd3 Nxd3+ 13. Rxd3 c5 14.
Rxd6 b6 15. Rxf6 Bg4 16. Ng5 1-0

[Event "Challenge"]
[Site "http://www.queenalice.com/game.php?id=1533517"]
[Date "2018.7.3"]
[Round "-"]
[White "Francesco"]
[Black "Magogue"]
[Result "0-1"]
[WhiteElo "1698"]
[BlackElo "2637"]

1. d4 d5 2. c4 dxc4 3. Nf3 Nf6 4. e3 e6 5. Bxc4 c5 6. O-O a6 7. Qe2 b5 8. Bb3
Bb7 9. Rd1 Nbd7 10. Nc3 Qb8 11. d5 exd5 12. Nxd5 Bxd5 13. Bxd5 Nxd5 14. Rxd5 Qb7
15. Rxd7 Qxd7 16. Qd2 Rd8 17. Qxd7+ Rxd7 18. Bd2 Bd6 19. Rd1 O-O 20. Bc3 Bxh2+
21. Nxh2 Rxd1+ 22. Nf1 Rfd8 0-1

[Event "Challenge"]
[Site "http://www.queenalice.com/game.php?id=1533519"]
[Date "2018.7.3"]
[Round "-"]
[White "Francesco"]
[Black "Magogue"]
[Result "0-1"]
[WhiteElo "1704"]
[BlackElo "2624"]

1. e3 e5 2. c4 Nf6 3. Nc3 Nc6 4. Nf3 Bb4 5. Qc2 O-O 6. Nd5 Re8 7. Qf5 d6 8. Qc2
Be6 9. Nxf6+ Qxf6 10. a3 Ba5 11. b4 Bb6 12. Be2 e4 13. Qxe4 Qxa1 14. Qc2 a5 15.
bxa5 Bxa5 0-1